000 00338nam a22001457a 4500
008 230414b ||||| |||| 00| 0 eng d
020 _a9780495813637
041 _aeng
080 _2SEVENTH EDITION
_a316
082 _a316
100 _a24
101 _aSOCIO
245 _aRESEARCH METHODS FOR SOCIAL WORK
_cRUBIN.A
942 _2udc
_cBK
999 _c59543
_d59543